| 000 | 01173cab a2200181 4500 | ||
|---|---|---|---|
| 001 | L130577 | ||
| 008 | 050815n2005 000 0 eng u | ||
| 035 | _a(Sirsi) u130577 | ||
| 041 | _aeng | ||
| 100 | _aWhalley, Chris | ||
| 245 | _aSetting goals | ||
| 260 | _c2005 | ||
| 490 |
_aFire Prevention and Fire Engineers Journal _v(395) August 2005, 21-23(3) |
||
| 520 | _aLooks at safety improvements in sports stadia since the fire at Bradford and the Hillsborough disaster. Discusses the Taylor Report (ISBN 0101096224), and the government response. The creation of the Football Licensing Authority (FLA) in 1991, and their role in monitoring local authority performance in issuing safety certificates and outlines what is covered by the certificate. Mentions the creation of the Football Safety Officers' Association (FSOA), and it's Event and Match Day Safety Management Course. Also lists what is covered in the Stewarding at Football Grounds training package which is supported by the Football Association, FA Premier League, the FSOA and the FLA. | ||
| 590 | _aIKA160805 | ||
| 690 | _aMANAGEMENT-HEALTH AND SAFETY-FIRE SAFETY-FIRE SAFETY ENGINEERING | ||
| 942 | _n0 | ||
| 999 |
_c75712 _d75712 |
||